[Event "Quebec-ch U20"]
[Site "Montreal CAN"]
[Date "2010.03.13"]
[Round "2"]
[White "Nevarko, Serguei"]
[Black "Poulin, Mathieu"]
[Result "0-1"]
[WhiteElo "1248"]
[BlackElo "1963"]
[PlyCount "94"]
[EventDate "2010.03.12"]
[EventType "swiss"]
[EventRounds "5"]
[EventCountry "CAN"]

1. e4 c6 2. d4 d5 3. Nc3 dxe4 4. Nxe4 Bf5 5. Ng3 Bg6 6. Nf3 Nd7 7. Bd3 Bxd3 8.
Qxd3 e6 9. Bf4 Qa5+ 10. c3 Ngf6 11. O-O Nd5 12. Bd2 Qc7 13. Rfe1 Bd6 14. Ng5
Nf8 15. N5e4 Bf4 16. c4 Bxd2 17. Qxd2 Nf6 18. Qb4 O-O-O 19. Qc5 Kb8 20. Qe5
N8d7 21. Qxc7+ Kxc7 22. c5 Nxe4 23. Nxe4 Nf6 24. Nd6 Rd7 25. b4 Ne8 26. Nxe8+
Rxe8 27. Rad1 Red8 28. Re4 Rd5 29. Kf1 e5 30. Rg4 g6 31. Ke2 exd4 32. Kd3 b6
33. Kc4 b5+ 34. Kd3 a5 35. a3 axb4 36. axb4 Ra8 37. Re4 Ra3+ 38. Kc2 Ra2+ 39.
Kb3 Rxf2 40. Rexd4 Rxd4 41. Rxd4 Rxg2 42. h4 Rg3+ 43. Kc2 f5 44. Rd6 Rg4 45. h5
Rxb4 46. hxg6 hxg6 47. Rxg6 Rc4+ 0-1

[Event "Quebec-ch U20"]
[Site "Montreal CAN"]
[Date "2010.03.13"]
[Round "2"]
[White "Sarrazin-Gendron, Roman"]
[Black "Shi, Ling Yun"]
[Result "1-0"]
[WhiteElo "1919"]
[BlackElo "1254"]
[PlyCount "53"]
[EventDate "2010.03.12"]
[EventType "swiss"]
[EventRounds "5"]
[EventCountry "CAN"]

1. e4 c5 2. Nc3 Nc6 3. Nf3 d6 4. g3 Nf6 5. Bg2 g6 6. O-O Bg7 7. d3 O-O 8. Ne2
Bg4 9. h3 Bxf3 10. Bxf3 Nd7 11. Bg2 Qc7 12. f4 Rac8 13. g4 f5 14. exf5 gxf5 15.
Bd5+ Kh8 16. Ng3 fxg4 17. hxg4 Rce8 18. f5 Nb6 19. c4 Nxd5 20. cxd5 Rg8 21.
dxc6 Qxc6 22. g5 Bd4+ 23. Kh2 Be5 24. Qh5 d5 25. g6 Bxg3+ 26. Kxg3 Qf6 27.
Qxh7# 1-0

[Event "Quebec-ch U20"]
[Site "Montreal CAN"]
[Date "2010.03.13"]
[Round "2"]
[White "Wu, Qiyou"]
[Black "Modwal, Sankalp"]
[Result "0-1"]
[WhiteElo "1728"]
[BlackElo "2233"]
[PlyCount "60"]
[EventDate "2010.03.12"]
[EventType "swiss"]
[EventRounds "5"]
[EventCountry "CAN"]

1. e4 c5 2. Nf3 d6 3. Bb5+ Bd7 4. Bxd7+ Qxd7 5. c4 g6 6. Nc3 Bg7 7. d4 cxd4 8.
Nxd4 Nc6 9. Be3 Nf6 10. O-O O-O 11. h3 b6 12. Rc1 Rac8 13. b3 Qb7 14. Qd2 Nxe4
15. Nxe4 Nxd4 16. Nxd6 Nf3+ 17. gxf3 exd6 18. Qxd6 Qxf3 19. Qg3 Qe2 20. a4 Rfe8
21. Rfd1 Re4 22. Qg5 h6 23. Rd8+ Kh7 24. Qd5 Rxe3 25. Rxc8 Rf3 26. Rf1 Rxh3 27.
Qd1 Qe4 28. f3 Qh4 29. Qd6 Rh1+ 30. Kg2 Qh3+ 0-1

[Event "Quebec-ch U20"]
[Site "Montreal CAN"]
[Date "2010.03.13"]
[Round "2"]
[White "Xu, Tian Run"]
[Black "Paille, Jordan"]
[Result "1-0"]
[WhiteElo "1586"]
[BlackElo "1156"]
[PlyCount "91"]
[EventDate "2010.03.12"]
[EventType "swiss"]
[EventRounds "5"]
[EventCountry "CAN"]

1. e4 e5 2. Nf3 Nc6 3. Bc4 Nf6 4. d3 Bc5 5. Nc3 d6 6. h3 Qe7 7. Bg5 h6 8. Nd5
Qd8 9. Bxf6 gxf6 10. Nd2 Nd4 11. c3 c6 12. cxd4 cxd5 13. Bb5+ Bd7 14. Bxd7+
Qxd7 15. dxc5 dxc5 16. Qf3 dxe4 17. Nxe4 Qe7 18. Qxf6 Qxf6 19. Nxf6+ Ke7 20.
Ne4 b6 21. O-O Rhd8 22. Rad1 Rd4 23. Ng3 Ke6 24. Ne2 Rd6 25. Rd2 Rad8 26. Rfd1
c4 27. d4 b5 28. Kf1 a5 29. Ke1 Rg8 30. dxe5 Rxd2 31. Rxd2 Kxe5 32. g3 Rb8 33.
f4+ Kf6 34. Rd6+ Kg7 35. Nd4 Re8+ 36. Kf2 Rc8 37. Nf5+ Kh7 38. Rxh6+ Kg8 39.
Ne7+ Kg7 40. Nxc8 Kxh6 41. Nd6 c3 42. bxc3 b4 43. cxb4 axb4 44. Nxf7+ Kg6 45.
Ne5+ Kf6 46. Nd3 1-0

[Event "Quebec-ch U20"]
[Site "Montreal CAN"]
[Date "2010.03.13"]
[Round "3"]
[White "Boissiere, Nicolas"]
[Black "Perna-Fraser, David"]
[Result "0-1"]
[WhiteElo "802"]
[BlackElo "1606"]
[PlyCount "50"]
[EventDate "2010.03.12"]
[EventType "swiss"]
[EventRounds "5"]
[EventCountry "CAN"]

1. d4 d5 2. c4 e6 3. Nc3 Bb4 4. e3 Nf6 5. Nge2 Ne4 6. Qb3 Bxc3+ 7. Nxc3 Nxc3 8.
bxc3 b6 9. Ba3 dxc4 10. Bxc4 Qf6 11. O-O Bb7 12. f3 Nd7 13. e4 O-O-O 14. Qa4
Kb8 15. Ba6 Bxa6 16. Qxa6 Qf4 17. Kh1 Qe3 18. Bb4 f5 19. e5 h5 20. Rfb1 h4 21.
h3 g5 22. a4 g4 23. a5 gxh3 24. axb6 hxg2+ 25. Kxg2 Rhg8+ 0-1

[Event "Quebec-ch U20"]
[Site "Montreal CAN"]
[Date "2010.03.13"]
[Round "3"]
[White "Chang, Michael"]
[Black "Luo, Zhao Yang"]
[Result "1-0"]
[WhiteElo "1584"]
[BlackElo "1955"]
[PlyCount "71"]
[EventDate "2010.03.12"]
[EventType "swiss"]
[EventRounds "5"]
[EventCountry "CAN"]

1. e4 c6 2. d4 d5 3. exd5 cxd5 4. c4 Nf6 5. Nc3 Nc6 6. c5 e5 7. Bb5 Qe7 8. Be3
Bd7 9. Bxc6 Bxc6 10. Nf3 e4 11. Ne5 Nd7 12. Nxd7 Qxd7 13. O-O Be7 14. Qe2 O-O
15. a4 a5 16. Rad1 f5 17. Qd2 Bxa4 18. Nxa4 Qxa4 19. Ra1 Qb5 20. Ra2 b6 21.
Rfa1 a4 22. b4 bxc5 23. dxc5 Qc6 24. Rb1 Rfb8 25. b5 Qe6 26. c6 Qxc6 27. Rc2
Qd7 28. b6 Rb7 29. Bf4 Bd8 30. Be3 a3 31. Qe2 Ra4 32. Rd2 d4 33. Qd1 d3 34.
Qb3+ Kh8 35. Ra2 Qd6 36. Qxa4 1-0

[Event "Quebec-ch U20"]
[Site "Montreal CAN"]
[Date "2010.03.13"]
[Round "3"]
[White "Cvetkovic, Simeon"]
[Black "Sarrazin-Gendron, Roman"]
[Result "1-0"]
[WhiteElo "1934"]
[BlackElo "1919"]
[PlyCount "59"]
[EventDate "2010.03.12"]
[EventType "swiss"]
[EventRounds "5"]
[EventCountry "CAN"]

1. b3 Nf6 2. Bb2 g6 3. e3 Bg7 4. Nf3 O-O 5. c4 c5 6. d4 b6 7. Nc3 e6 8. Be2 Bb7
9. O-O Qe7 10. Re1 d6 11. Qc2 Nc6 12. Rad1 Ne8 13. a3 Nc7 14. Na4 e5 15. dxe5
dxe5 16. Nc3 e4 17. Nd2 f5 18. f3 exf3 19. Bxf3 Ne6 20. Nd5 Qg5 21. Bxg7 Kxg7
22. Qc3+ Kg8 23. Nf1 Ne7 24. Qe5 Kf7 25. Nf4 Bxf3 26. Qxe6+ Ke8 27. h4 Qxh4 28.
gxf3 Rf6 29. Qe5 Kf8 30. Ng2 1-0

[Event "Quebec-ch U20"]
[Site "Montreal CAN"]
[Date "2010.03.13"]
[Round "3"]
[White "Dobrev, Martin"]
[Black "MacIsaac, Alexandre"]
[Result "1-0"]
[WhiteElo "1846"]
[BlackElo "1622"]
[PlyCount "67"]
[EventDate "2010.03.12"]
[EventType "swiss"]
[EventRounds "5"]
[EventCountry "CAN"]

1. d4 Nf6 2. Bg5 e6 3. Nf3 Be7 4. c4 h6 5. Bxf6 Bxf6 6. e4 d6 7. Nc3 O-O 8. Be2
c5 9. e5 Be7 10. dxc5 dxc5 11. Qc2 Nc6 12. Rd1 Qc7 13. Qe4 a6 14. O-O b6 15.
Rfe1 Bb7 16. Bd3 g6 17. Qg4 Kg7 18. h4 Nb4 19. Bb1 Rad8 20. h5 g5 21. Ne4 Bxe4
22. Qxe4 Rh8 23. Rxd8 Bxd8 24. Rd1 Be7 25. g3 Qc6 26. Qg4 Qa4 27. b3 Qa3 28.
Kg2 Nxa2 29. Rd7 Kf8 30. Qe4 Nc3 31. Qb7 Nxb1 32. Rxe7 Rh7 33. Qd7 Kg8 34. Qe8+
1-0

[Event "Quebec-ch U20"]
[Site "Montreal CAN"]
[Date "2010.03.13"]
[Round "3"]
[White "Jiang, Louie"]
[Black "Dumont, Felix"]
[Result "1-0"]
[WhiteElo "2321"]
[BlackElo "2007"]
[PlyCount "67"]
[EventDate "2010.03.12"]
[EventType "swiss"]
[EventRounds "5"]
[EventCountry "CAN"]

1. e4 c5 2. Nf3 d6 3. d4 cxd4 4. Nxd4 Nf6 5. f3 a6 6. c4 e5 7. Nb3 Be6 8. Be3
Be7 9. Nc3 Nbd7 10. Nd5 Bxd5 11. cxd5 Nc5 12. Nd2 b5 13. Rc1 Qa5 14. a3 O-O 15.
Kf2 Qd8 16. b4 Na4 17. Nb3 Nh5 18. Qd2 f5 19. exf5 Rxf5 20. Bd3 Rf7 21. Rhf1
Nf6 22. Kg1 Kh8 23. Be4 Nb6 24. Na5 Nxe4 25. fxe4 Rxf1+ 26. Kxf1 Nc4 27. Nxc4
bxc4 28. Rxc4 a5 29. b5 Rc8 30. Rc6 Rxc6 31. dxc6 Qg8 32. Qc2 Bd8 33. b6 Qf8+
34. Kg1 1-0

[Event "Quebec-ch U20"]
[Site "Montreal CAN"]
[Date "2010.03.13"]
[Round "3"]
[White "Nazarian, Ara"]
[Black "Paille, Jordan"]
[Result "1-0"]
[WhiteElo "1407"]
[BlackElo "1156"]
[PlyCount "85"]
[EventDate "2010.03.12"]
[EventType "swiss"]
[EventRounds "5"]
[EventCountry "CAN"]

1. e4 e5 2. Nf3 Nc6 3. Bc4 Nf6 4. Nc3 Bc5 5. d3 d6 6. Bg5 Bg4 7. h3 h6 8. hxg4
Kd7 9. Bxf6 Qxf6 10. Nd5 Qg6 11. Nd2 Nb4 12. Nxb4 Bxb4 13. c3 Bc5 14. Nb3 Bb6
15. Qf3 Raf8 16. Rh5 a6 17. Rf5 Ke7 18. d4 exd4 19. cxd4 c6 20. e5 d5 21. Bd3
a5 22. Nc5 Ra8 23. Rh5 f5 24. gxf5 Qe8 25. Kf1 Rf8 26. Re1 Kd8 27. Ne6+ Kc8 28.
Nxf8 Qxf8 29. e6 Qe7 30. f6 Qxf6 31. Qxf6 gxf6 32. e7 Kd7 33. Rxh6 Rg8 34. Bf5+
Ke8 35. Bg6+ Kd7 36. e8=Q+ Rxe8 37. Bxe8+ Kc7 38. Rh7+ Kb8 39. Ree7 Bxd4 40.
Rxb7+ Ka8 41. Bxc6 Bxb2 42. Rbg7+ Kb8 43. Rh8# 1-0

[Event "Quebec-ch U20"]
[Site "Montreal CAN"]
[Date "2010.03.13"]
[Round "3"]
[White "Poulin, Mathieu"]
[Black "Xu, Tian Run"]
[Result "1-0"]
[WhiteElo "1977"]
[BlackElo "1586"]
[PlyCount "199"]
[EventDate "2010.03.12"]
[EventType "swiss"]
[EventRounds "5"]
[EventCountry "CAN"]

1. d4 d5 2. c4 e6 3. Nc3 Nf6 4. cxd5 Nxd5 5. e4 Nf6 6. Bg5 Be7 7. Nf3 Nbd7 8.
Bc4 O-O 9. O-O a6 10. a3 b5 11. Ba2 Bb7 12. Re1 c5 13. d5 exd5 14. Nxd5 Nxd5
15. Bxd5 Bxd5 16. Qxd5 Bxg5 17. Nxg5 h6 18. Nf3 Qc7 19. Rac1 Rac8 20. h3 Nb6
21. Qf5 Rfe8 22. b3 Qd7 23. Qh5 c4 24. bxc4 Nxc4 25. Rc3 Re6 26. Qf5 Rce8 27.
a4 Qb7 28. axb5 axb5 29. Rb1 Qxe4 30. Qxe4 Rxe4 31. Rxb5 Nd6 32. Rd5 Nc8 33.
Rd2 Nb6 34. Rcc2 g5 35. g3 Kg7 36. Kg2 f6 37. Nd4 Kg6 38. f3 R4e7 39. Nb3 Nd7
40. Nc1 Nf8 41. Rf2 Ne6 42. Ne2 h5 43. f4 gxf4 44. gxf4 Kh6 45. Rc6 Rg7+ 46.
Kf3 Rf7 47. h4 Ng7 48. Nd4 Rd8 49. Rd2 Rdd7 50. f5 Ne8 51. Nb3 Rxd2 52. Nxd2
Rc7 53. Re6 Rc8 54. Ne4 Kg7 55. Re7+ Kg8 56. Ke3 Ng7 57. Nxf6+ Kf8 58. Re5 Kf7
59. Ne4 Rc6 60. Kf4 Rc4 61. Kg5 Rc2 62. Nd6+ Kf8 63. f6 Rg2+ 64. Kh6 Nf5+ 65.
Nxf5 Kf7 66. Ng7 Kxf6 67. Rf5+ Ke7 68. Nxh5 Rg4 69. Rf4 Rg2 70. Ng7 Rg1 71. h5
Rg2 72. Kh7 Rc2 73. h6 Rc6 74. Nh5 Rc8 75. Kg7 Kd6 76. h7 Rc7+ 77. Rf7 Rc8 78.
h8=Q Rxh8 79. Kxh8 Ke6 80. Rf6+ Ke5 81. Kg7 Ke4 82. Kf7 Ke5 83. Ng3 Kd5 84. Re6
Kd4 85. Nf1 Kd5 86. Kf6 Kd4 87. Kf5 Kd5 88. Ng3 Kd4 89. Re5 Kc4 90. Ke4 Kc3 91.
Rd5 Kc4 92. Ne2 Kb4 93. Kd3 Kb3 94. Rb5+ Ka4 95. Rb1 Ka3 96. Kc2 Ka4 97. Kc3
Ka3 98. Nc1 Ka4 99. Nd3 Ka3 100. Ra1# 1-0

[Event "Quebec-ch U20"]
[Site "Montreal CAN"]
[Date "2010.03.13"]
[Round "3"]
[White "Samikov, Chingis"]
[Black "Ma, Indy"]
[Result "1/2-1/2"]
[WhiteElo "1187"]
[BlackElo "1335"]
[PlyCount "62"]
[EventDate "2010.03.12"]
[EventType "swiss"]
[EventRounds "5"]
[EventCountry "CAN"]

1. e4 c5 2. Nf3 d6 3. d4 cxd4 4. Nxd4 Nf6 5. Nc3 a6 6. Be3 Nc6 7. Be2 e5 8.
Nxc6 bxc6 9. O-O Be7 10. Qd2 O-O 11. Rad1 Be6 12. f4 exf4 13. Bxf4 d5 14. exd5
Nxd5 15. Nxd5 Bxd5 16. b3 Qb6+ 17. Be3 Bc5 18. Bd4 Rfe8 19. Rf2 Rad8 20. Qc3
Bxd4 21. Qxd4 c5 22. Qf4 Qg6 23. Bd3 Be4 24. Re2 h6 25. Rde1 f5 26. Bxe4 fxe4
27. Rxe4 Rf8 28. Qg4 Qxg4 29. Rxg4 Rd2 30. Rf1 Rxf1+ 31. Kxf1 Rxc2 1/2-1/2

[Event "Quebec-ch U20"]
[Site "Montreal CAN"]
[Date "2010.03.13"]
[Round "3"]
[White "Shi, Ling Yun"]
[Black "Wu, Qiyou"]
[Result "0-1"]
[WhiteElo "1254"]
[BlackElo "1728"]
[PlyCount "76"]
[EventDate "2010.03.12"]
[EventType "swiss"]
[EventRounds "5"]
[EventCountry "CAN"]

1. e4 c5 2. Nf3 d6 3. d4 cxd4 4. Nxd4 Nf6 5. Nc3 g6 6. Be3 Bg7 7. f3 O-O 8. Qd2
Nc6 9. Bc4 Bd7 10. O-O-O Ne5 11. Bb3 Rc8 12. Kb1 Nc4 13. Bxc4 Rxc4 14. g4 Qa5
15. h4 Rfc8 16. Nb3 Qa6 17. Rdg1 Bxg4 18. fxg4 Rxc3 19. bxc3 Nxe4 20. Qd3 Nxc3+
21. Kc1 Qa4 22. Rh2 Nxa2+ 23. Kd2 Nb4 24. Nc5 Rxc5 25. Bxc5 Nxd3 26. Kxd3 dxc5
27. Rhh1 Qd4+ 28. Ke2 Qe4+ 29. Kd2 Bd4 30. Re1 Qg2+ 31. Kc1 e5 32. g5 a5 33.
Rd1 a4 34. Rhe1 a3 35. Kb1 a2+ 36. Kxa2 Qxc2+ 37. Ka3 Qb2+ 38. Ka4 Qb4# 0-1

[Event "Quebec-ch U20"]
[Site "Montreal CAN"]
[Date "2010.03.13"]
[Round "3"]
[White "Zhu, Hong Rui"]
[Black "Gu, Sheng Ming"]
[Result "1-0"]
[WhiteElo "1767"]
[BlackElo "1394"]
[PlyCount "61"]
[EventDate "2010.03.12"]
[EventType "swiss"]
[EventRounds "5"]
[EventCountry "CAN"]

1. e4 c5 2. Nf3 e6 3. d4 cxd4 4. Nxd4 Nf6 5. Bd3 Nc6 6. Nxc6 bxc6 7. O-O Be7 8.
e5 Nd5 9. c4 Nb6 10. Qg4 Kf8 11. Nc3 Bb7 12. Kh1 d6 13. exd6 Bxd6 14. Be2 Qc7
15. f4 h5 16. Qh3 g6 17. b3 Ke7 18. Qh4+ f6 19. Ne4 Nd7 20. Bb2 Raf8 21. Nxd6
Qxd6 22. Rad1 Qc7 23. Ba3+ c5 24. Rd2 Ke8 25. Rfd1 Bc6 26. Rd6 Ke7 27. Qf2 Qa5
28. Qe3 e5 29. fxe5 f5 30. Qg5+ Kf7 31. Rxd7+ 1-0

[Event "Quebec-ch U20"]
[Site "Montreal CAN"]
[Date "2010.03.14"]
[Round "4"]
[White "Boissiere, Nicolas"]
[Black "Desmarais, Marie-Eve"]
[Result "0-1"]
[WhiteElo "802"]
[BlackElo "1211"]
[PlyCount "64"]
[EventDate "2010.03.12"]
[EventType "swiss"]
[EventRounds "5"]
[EventCountry "CAN"]

1. d4 Nf6 2. c4 c5 3. dxc5 e6 4. Nc3 Bxc5 5. Bg5 Be7 6. Nf3 d5 7. cxd5 Nxd5 8.
Bxe7 Qxe7 9. Qd4 O-O 10. e4 Nc6 11. Qd1 Nxc3 12. bxc3 Rd8 13. Bd3 Qf6 14. Qc2
Nb4 15. Qb1 Qxc3+ 16. Ke2 Nxd3 17. Rd1 Nf4+ 18. Kf1 Rxd1+ 19. Qxd1 Qf6 20. e5
Qe7 21. Qd2 Nd5 22. Rd1 b6 23. Qd3 Bb7 24. h4 Rd8 25. g3 Ne3+ 26. Qxe3 Rxd1+
27. Kg2 Qd7 28. Qg5 Bxf3+ 29. Kxf3 Qd5+ 30. Kg4 Qe4+ 31. f4 Qe2+ 32. Kh3 Rh1#
0-1

[Event "Quebec-ch U20"]
[Site "Montreal CAN"]
[Date "2010.03.14"]
[Round "4"]
[White "Cote-Lalumiere, Tristan"]
[Black "Lepine, Cedric"]
[Result "1/2-1/2"]
[WhiteElo "1619"]
[BlackElo "1841"]
[PlyCount "39"]
[EventDate "2010.03.12"]
[EventType "swiss"]
[EventRounds "5"]
[EventCountry "CAN"]

1. e4 Nf6 2. Nc3 d5 3. e5 Nfd7 4. d4 e6 5. f4 c5 6. Nf3 Nc6 7. Be3 Qb6 8. Qd2
cxd4 9. Nxd4 Nxd4 10. Bxd4 Bc5 11. Na4 Qc7 12. Nxc5 Nxc5 13. Qc3 Na6 14. Bxa6
Qxc3+ 15. Bxc3 bxa6 16. Bd4 Bd7 17. c3 Bc6 18. b4 O-O 19. a4 f6 20. O-O 1/2-1/2

[Event "Quebec-ch U20"]
[Site "Montreal CAN"]
[Date "2010.03.14"]
[Round "4"]
[White "Dobrev, Martin"]
[Black "Modwal, Sankalp"]
[Result "0-1"]
[WhiteElo "1876"]
[BlackElo "2233"]
[PlyCount "98"]
[EventDate "2010.03.12"]
[EventType "swiss"]
[EventRounds "5"]
[EventCountry "CAN"]

1. d4 Nf6 2. Nf3 e6 3. Bf4 b6 4. c4 Bb7 5. Nc3 Bb4 6. Qc2 O-O 7. e3 h6 8. a3
Bxc3+ 9. Qxc3 Nh5 10. Bg3 Nxg3 11. hxg3 d6 12. Bd3 Nd7 13. O-O Qf6 14. e4 c5
15. e5 cxd4 16. exf6 dxc3 17. fxg7 Kxg7 18. bxc3 Rac8 19. Rfd1 Rfd8 20. Be2 Nc5
21. Rd4 Ne4 22. Rc1 e5 23. Rdd1 b5 24. Nd2 Nxd2 25. Rxd2 bxc4 26. f4 f6 27. Kf2
d5 28. Bf3 Rc7 29. Rcd1 d4 30. cxd4 c3 31. Rc2 exd4 32. Be2 Bc6 33. Rcc1 Ba4
34. Rd3 Bb5 35. Rxd4 Rxd4 36. Bxb5 Rd2+ 37. Kf3 c2 38. Ba4 Rc3+ 39. Kg4 Rxg2
40. Kf5 Rgxg3 41. Bxc2 Rg2 42. Re1 Rgxc2 43. Re7+ Kf8 44. Rxa7 Rc7 45. Ra8+ Kf7
46. a4 R2c5+ 47. Kg4 Rd7 48. Ra6 Rdd5 49. Ra7+ Kg6 0-1

[Event "Quebec-ch U20"]
[Site "Montreal CAN"]
[Date "2010.03.14"]
[Round "4"]
[White "Dumont, Felix"]
[Black "Zhu, Hong Rui"]
[Result "1/2-1/2"]
[WhiteElo "2007"]
[BlackElo "1767"]
[PlyCount "109"]
[EventDate "2010.03.12"]
[EventType "swiss"]
[EventRounds "5"]
[EventCountry "CAN"]

1. Nf3 Nf6 2. c4 e6 3. g3 d5 4. b3 Be7 5. Bg2 O-O 6. Bb2 c6 7. O-O Nbd7 8. e3
Re8 9. d3 Bd6 10. Nc3 e5 11. Rc1 Nf8 12. cxd5 Nxd5 13. Qe2 Nxc3 14. Bxc3 Bg4
15. Qc2 Bc7 16. d4 Ng6 17. h3 Bxf3 18. Bxf3 Qf6 19. Bg2 Rad8 20. Rcd1 Qe6 21.
Rd2 e4 22. d5 cxd5 23. Bxg7 Bxg3 24. fxg3 Kxg7 25. Qd1 Qe5 26. Rdf2 Re7 27. Kh2
Red7 28. Rf5 Qc3 29. h4 Qxe3 30. h5 Rh8 31. Rxd5 Rc7 32. Rd7 Rxd7 33. Qxd7 Ne5
34. Qf5 Re8 35. Bxe4 Qe2+ 36. Kh3 Qg4+ 37. Qxg4+ Nxg4 38. Bxb7 Nf6 39. g4 h6
40. a4 Re3+ 41. Rf3 Re1 42. Rg3 Ne4 43. Bxe4 Rxe4 44. Rf3 a5 45. Rf5 Re3+ 46.
Kh4 Rxb3 47. Rxa5 Ra3 48. Ra6 Ra1 49. a5 Ra3 50. Ra8 Kf6 51. a6 Kg7 52. a7 Kh7
53. Rb8 Rxa7 54. Rb5 Kg7 55. Rb4 1/2-1/2

[Event "Quebec-ch U20"]
[Site "Montreal CAN"]
[Date "2010.03.14"]
[Round "4"]
[White "Nevarko, Serguei"]
[Black "Shi, Ling Yun"]
[Result "1/2-1/2"]
[WhiteElo "1248"]
[BlackElo "1254"]
[PlyCount "82"]
[EventDate "2010.03.12"]
[EventType "swiss"]
[EventRounds "5"]
[EventCountry "CAN"]

1. e4 c5 2. Nf3 d6 3. d4 cxd4 4. Nxd4 Nf6 5. Nc3 g6 6. Bg5 Bg7 7. Qd2 Nc6 8.
O-O-O O-O 9. Bh6 Qb6 10. Bxg7 Kxg7 11. h3 Nxd4 12. Qxd4 Qxd4 13. Rxd4 Be6 14.
f4 Rfd8 15. g4 Bd7 16. e5 dxe5 17. fxe5 Ne8 18. Bc4 Bc6 19. Rhd1 Rxd4 20. Rxd4
f6 21. exf6+ Nxf6 22. g5 Nd7 23. Rf4 Ne5 24. Bd5 Rf8 25. Rxf8 Kxf8 26. h4 Bxd5
27. Nxd5 Nf3 28. Kd1 Nxh4 29. Ke2 Nf5 30. Kd3 Ng7 31. Nc7 Kf7 32. Ke4 Ne6 33.
Nxe6 Kxe6 34. c4 Kd6 35. Kd4 b6 36. b3 a5 37. a3 e6 38. b4 e5+ 39. Ke4 a4 40.
Kd3 Ke6 41. Ke4 Kd6 1/2-1/2

[Event "Quebec-ch U20"]
[Site "Montreal CAN"]
[Date "2010.03.14"]
[Round "4"]
[White "Ngabe, Jessica"]
[Black "Nazarian, Ara"]
[Result "1-0"]
[WhiteElo "1138"]
[BlackElo "1407"]
[PlyCount "74"]
[EventDate "2010.03.12"]
[EventType "swiss"]
[EventRounds "5"]
[EventCountry "CAN"]

1. d4 Nf6 2. f3 d5 3. Qd3 e6 4. Bd2 c5 5. dxc5 Bxc5 6. e3 O-O 7. Nc3 Bd7 8.
O-O-O Nc6 9. Nge2 e5 10. Qb5 Qb6 11. Qxb6 Bxb6 12. Ng3 Rac8 13. Bd3 g6 14. Nce2
Rfe8 15. Rde1 Ba5 16. Bc3 Bxc3 17. Nxc3 Nb4 18. Kd2 Nxd3 19. cxd3 b5 20. a3 a5
21. b4 axb4 22. axb4 Rc7 23. Nge2 Rd8 24. f4 e4 25. d4 Rdc8 26. Rc1 Kf8 27. h3
h5 28. g4 hxg4 29. hxg4 Bc6 30. Rh4 Ne8 31. f5 Nd6 32. fxg6 Nc4+ 33. Ke1 fxg6
34. Nf4 Kg8 35. Nxg6 Nxe3 36. Ke2 Nc4 37. Nf4 Rh7 1-0

[Event "Quebec-ch U20"]
[Site "Montreal CAN"]
[Date "2010.03.14"]
[Round "4"]
[White "Perna-Fraser, David"]
[Black "MacIsaac, Alexandre"]
[Result "0-1"]
[WhiteElo "1606"]
[BlackElo "1622"]
[PlyCount "74"]
[EventDate "2010.03.12"]
[EventType "swiss"]
[EventRounds "5"]
[EventCountry "CAN"]

1. d4 Nf6 2. Nf3 d5 3. Bf4 Bg4 4. Ne5 Bf5 5. Nc3 e6 6. e3 a6 7. Bd3 Bxd3 8.
Qxd3 Bd6 9. Bg5 Be7 10. O-O Nbd7 11. Nxd7 Qxd7 12. Bf4 Nh5 13. Bg3 Nxg3 14.
fxg3 Bf6 15. a4 Qd6 16. b4 O-O 17. Kh1 Qe7 18. e4 Qxb4 19. e5 Bg5 20. Rfb1 Qa5
21. Rxb7 Rfb8 22. Rb3 Rxb3 23. cxb3 Qb4 24. Ne2 Qd2 25. Qxd2 Bxd2 26. Rd1 Ba5
27. Rd3 Rb8 28. Kg1 Rb4 29. Kf2 Bb6 30. Rc3 Rxd4 31. Kf3 Re4 32. Nf4 Rxe5 33.
Nd3 Re3+ 34. Kg4 d4 35. Rc6 Rxd3 36. a5 Rc3 37. axb6 Rxc6 0-1

[Event "Quebec-ch U20"]
[Site "Montreal CAN"]
[Date "2010.03.14"]
[Round "4"]
[White "Sarrazin-Gendron, Roman"]
[Black "Sprumont, Oscar"]
[Result "0-1"]
[WhiteElo "1919"]
[BlackElo "1641"]
[PlyCount "86"]
[EventDate "2010.03.12"]
[EventType "swiss"]
[EventRounds "5"]
[EventCountry "CAN"]

1. Nf3 d5 2. c4 e6 3. g3 Be7 4. Bg2 Nf6 5. b3 O-O 6. Bb2 c5 7. O-O b6 8. Ne5
Bb7 9. f4 Nbd7 10. e3 Ne8 11. Qg4 Ndf6 12. Qe2 Nc7 13. g4 Nd7 14. Nf3 dxc4 15.
bxc4 Bf6 16. Nc3 Rb8 17. g5 Be7 18. h4 f6 19. Nh2 e5 20. g6 hxg6 21. Bxb7 Rxb7
22. Qg2 Rb8 23. Qxg6 f5 24. h5 Rf6 25. Qg3 Rh6 26. fxe5 Rxh5 27. Nf3 Bh4 28.
Nxh4 Rg5 29. Nxf5 Rxg3+ 30. Nxg3 Nxe5 31. Nce4 Nxc4 32. Bc3 Nb5 33. Rf5 Nxc3
34. dxc3 Nxe3 35. Rg5 Rb7 36. Kf2 Nd1+ 37. Kf3 Nxc3 38. Rg1 Qd3+ 39. Kf4 Rf7+
40. Rf5 Rxf5+ 41. Kxf5 Nxe4 42. Nxe4 c4 43. Rc1 b5 0-1

[Event "Quebec-ch U20"]
[Site "Montreal CAN"]
[Date "2010.03.14"]
[Round "4"]
[White "Wu, Qiyou"]
[Black "Poulin, Mathieu"]
[Result "1-0"]
[WhiteElo "1728"]
[BlackElo "1963"]
[PlyCount "329"]
[EventDate "2010.03.12"]
[EventType "swiss"]
[EventRounds "5"]
[EventCountry "CAN"]

1. e4 c6 2. d4 d5 3. exd5 cxd5 4. c4 Nf6 5. Nc3 e6 6. Bg5 Be7 7. Nf3 Nbd7 8. c5
O-O 9. Bd3 Nh5 10. Bxe7 Qxe7 11. O-O Nhf6 12. Re1 Nb8 13. b4 a6 14. a4 b6 15.
Ne5 Bb7 16. Qc2 Rc8 17. Reb1 Qc7 18. f4 g6 19. Qd2 Nbd7 20. Rc1 Qd8 21. Rab1
Ra7 22. Ne2 Nb8 23. b5 axb5 24. axb5 Rc7 25. Rc3 Ra8 26. Rcc1 Ne8 27. Qb4 Nd7
28. Nxd7 Rxd7 29. c6 Rc7 30. cxb7 Rxb7 31. Rc6 Rba7 32. Rbc1 Ra4 33. Qb1 R4a7
34. Kf2 Kg7 35. g3 Nf6 36. h3 Ne8 37. Qc2 Nd6 38. Rc7 Ra3 39. Rc3 Ra2 40. Qd1
R2a7 41. Rb3 Ra5 42. Rbb1 Ra2 43. Ra1 R2a7 44. Rxa7 Rxa7 45. Ra1 Rc7 46. Ra6
Nc8 47. Ra3 Nd6 48. Ng1 Qc8 49. Ne2 Qd8 50. Qa1 Qd7 51. Rc3 Ra7 52. Qb2 Ra5 53.
Rc6 Qd8 54. Qb4 Nc8 55. Qc3 Nd6 56. Qb4 Nc8 57. Ng1 Ra2+ 58. Rc2 Ra7 59. Nf3 f6
60. Ng1 Ne7 61. Ne2 Qd7 62. Nc3 Rb7 63. Qb2 Ra7 64. Na2 Ra8 65. Nb4 Rf8 66. Nc6
Nc8 67. Nb4 Na7 68. Na6 Rc8 69. Rxc8 Qxc8 70. Ke3 Qd7 71. Qc2 Nxb5 72. Qa4 e5
73. Qxb5 exf4+ 74. Kxf4 Qxh3 75. g4 Qh2+ 76. Ke3 Qg3+ 77. Kd2 Qf4+ 78. Kc3 Qc1+
79. Bc2 Qa1+ 80. Kb3 Qxd4 81. Qd7+ Kh6 82. Nb4 Qc4+ 83. Ka4 Qd4 84. Qxd5 Qxg4
85. Qd6 Qf3 86. Qxb6 Qa8+ 87. Kb3 Qf3+ 88. Kc4 f5 89. Nd3 Qe4+ 90. Qd4 Qe6+ 91.
Kc3 Qc6+ 92. Kd2 Qg2+ 93. Qf2 Qd5 94. Qh4+ Kg7 95. Ke3 Qe6+ 96. Kd2 Qd5 97. Bd1
Qa2+ 98. Ke3 Qe6+ 99. Kf2 Qb6+ 100. Kg2 Qc6+ 101. Bf3 Qc2+ 102. Nf2 Qc5 103.
Qd8 Qe3 104. Bd5 Qa7 105. Qg8+ Kf6 106. Qh8+ Kg5 107. Nh3+ Kh6 108. Qf8+ Qg7
109. Qxg7+ Kxg7 110. Kg3 Kf6 111. Kf4 h6 112. Bb3 g5+ 113. Kg3 h5 114. Nf2 Ke5
115. Bd1 h4+ 116. Kh3 Kd4 117. Bc2 Ke3 118. Nh1 Kf4 119. Bd1 Ke3 120. Bh5 Kf4
121. Bg6 Ke4 122. Nf2+ Kf3 123. Nd3 Ke3 124. Bxf5 Kf3 125. Bg4+ Ke4 126. Ne1
Ke3 127. Bh5 Kf4 128. Nf3 Kf5 129. Ng1 Kf4 130. Bg6 Ke3 131. Kg4 Kf2 132. Nh3+
Kg2 133. Nxg5 Kf2 134. Kxh4 Ke3 135. Kg4 Kd4 136. Kf4 Kd5 137. Be4+ Kd4 138.
Nf3+ Kc4 139. Ke5 Kc3 140. Kd5 Kb4 141. Kd4 Kb3 142. Ne5 Kb2 143. Kc4 Ka3 144.
Nc6 Kb2 145. Nd4 Ka2 146. Kc3 Ka1 147. Nb3+ Ka2 148. Bc2 Ka3 149. Bb1 Ka4 150.
Nd4 Ka5 151. Kc4 Kb6 152. Nb5 Kc6 153. Bf5 Kb6 154. Be4 Ka5 155. Kc5 Ka4 156.
Bc2+ Ka5 157. Bb3 Ka6 158. Nd6 Ka5 159. Nb7+ Ka6 160. Kc6 Ka7 161. Kc7 Ka6 162.
Bc4+ Ka7 163. Bb5 Ka8 164. Nd6 Ka7 165. Nc8+ 1-0